| 000 | 00708nam a2200253Ia 4500 | ||
|---|---|---|---|
| 003 | OSt | ||
| 005 | 20220925220347.0 | ||
| 006 | a|||||r|||| 00| 0 | ||
| 007 | ta | ||
| 008 | 220923b |||||||| |||| 00| 0 eng d | ||
| 037 | _cGeneral Book | ||
| 040 |
_aRTL _cRTL _beng |
||
| 041 |
_2eng _aeng |
||
| 082 | _aY:3(O), L1 | ||
| 100 |
_aLaurenson Diana _957401 |
||
| 245 | 0 | _aSociology of literature | |
| 260 |
_aLondon _bMacGibbon and Kee _c1971 |
||
| 300 |
_a281p _ccm. |
||
| 500 | _aBibliography P 276-81 | ||
| 650 |
_aLiterature Society _9242438 |
||
| 700 |
_a Swingwood Alan _957402 |
||
| 942 |
_hY:3(O), L1 _cGB _2CC |
||
| 999 |
_c571213 _d571213 |
||